00000000nam##2200000za#4500
0019.590509
003CaOODSP
00520210624200147
007cr |||||||||||
008150406|1992||||xxc|||||o    f|0| 0 eng|d
040 |aCaOODSP|beng
041 |aeng
041 |afre
043 |an-cn---
0861 |aS52-2/208-1992-PDF
1101 |aCanada. |bPublic Works and Government Services Canada. |bTranslation Bureau.
24510|aStatistics and surveys vocabulary / |h[electronic resource]|c[by] Yves Thériault with the collaboration of Estelle Beauregard, Michel Charuest.
260 |aOttawa - Ontario : |bPublic Works and Government Services Canada. |cc1992.
300 |a573p.
4901 |aTerminology bulletin|vNo. 208
500 |aDigitized edition from print. [Produced by Publishing and Depository Services, 2014.] Issued by Dept. of the Secretary of State, Terminology and Linguistic Services Directorate.
504 |aBibliography.
590 |a14-22-Supp|b2014-12-24
7201 |aBeauregard, Estelle
7201 |aThériault, Yves
7201 |aCharuest, Michel
792 |tVocabulaire de la statistique et des enquêtes / |efre|w(CaOODSP)9.590510
830#0|aTerminology bulletin ;|vNo. 208|w(CaOODSP)9.500139
85640|ahttp://publications.gc.ca|qPDF|s4436 KB|uhttps://publications.gc.ca/collections/collection_2014/tpsgc-pwgsc/S52-2-208-1992.pdf|yNo. 208